1571 1857 1495 1212 1023 1858 1293 1890 1772 1100 1334 1957 1074 1133 1454 1218 1725 1617 1578 1729 1188 1134 1396 1117 1546 1721 1046 1053 2000 1602 1922 1479 1895 1867 1926 1073 1182 1595 1231 1746 1931 1658 1144 1097 1899 1598 1519 1467 1173 1886 1929 1212 1167 1689 1520 1177 1902 1428 1546 1189 1224 1265 1863 1156 1065 1134 1002 1104 1154 1569 1227 1125 1581 1174 1078 1573 1149 1046 1570 1048 1245 1629 1530 1417 1527 1358 1732 1883 1037 1440 1421 1419 1851 1583 1668 1056 1815 1160 1419 BCNSPRNW ULIB Ver.6.0+V

เปลี่ยนเป็นภาษาไทย

Change to English
 แสดงรายละเอียดบรรณานุกรม
  กลับหน้าหลัก

Brief Record : Get Marc (ISO 2709) : E-mail record : QR code < ปิดหน้าต่าง
LEADER : 00000nam a2200000Ia 4500
001    13399114815
003     ULIB
008    970405s2539 th a 010 0 tha d
050  4 ^aDS578.32.S74^bสจ246
245 00 ^aสมเด็จพระศรีนครินทราบรมราชชนนี
260    ^aกรุงเทพฯ :^bอมรินทร์พริ้นติ้งแอนด์พับลิชชิ่ง,^c2539
300    ^a199 หน้า :^bภาพประกอบ ;^c25 ซม.
500    ^aพระบาทสมเด็จพระเจ้าอยู่หัวทรงพระกรุณาโปรดเกล้าฯ ให้พิมพ์พระราชทานเป็นพระราชานุสรณ์ในงานพระราชพิธีถวายพระเพลิงพระบรมศพ สมเด็จพระศรีนครินทราบรมราชชนนี ณ วันที่ 10 มีนาคม พุทธศักราช 2539
600 07 ^aศรีนครินทราบรมราชชนนี,^cสมเด็จพระ,^d2443-2538
945    ^p300^l0^i031804
995    ^aเกษร
999 ^a ใช้งานได้ทุกระบบ
รายการนี้ยังไม่มีแท็ก
คุณยังไม่ได้ล็อกอิน คุณสามารถมีกิจกรรมร่วมกับเว็บไซต์ได้ แต่ต้องล็อกอินก่อน ::
  ล็อกอิน

รายการสื่อสารสนเทศ

ลำดับที่ ประเภท เลขเรียก/บาร์โค้ด สถานที่ สถานะ
- ไม่พบข้อมูล -

รายการใกล้เคียง
    ชื่อเรื่อง [สมเด็จพระศรีนครินทราบรมราชชนนี]

BibComment


ยังไม่เคยถูกคอมเมนท์

คอมเมนท์ทรัพยากรรายการนี้
  คอมเมนท์: สมเด็จพระศรีนคริ..


 Copyright 2026. Bcnsprnw @Library